[Event "EWIBCC 2019"]
[Site "Monte-Carlo"]
[Date "2019.11.29"]
[Round "6.18"]
[White "Salimova, Nurgyul"]
[Black "Dornbusch, Tatiana"]
[Result "1-0"]
[WhiteElo "2370"]
[BlackElo "2269"]
[Annotator "NA"]
[PlyCount "117"]
[EventDate "2019.11.29"]
[EventType "swiss"]
[EventCountry "MNC"]
[SourceTitle "playchess.com"]
[Source "ChessBase"]
[SourceQuality "1"]
[TimeControl "180+2"]

1. c4 {[%emt 0:00:00]} Nf6 {[%emt 0:00:00]} 2. Nc3 {[%emt 0:00:01]} g6 {[%emt 0:00:02]} 3. g3 {[%emt 0:00:01]} Bg7 {[%emt 0:00:01]} 4. Bg2 {[%emt 0:00:01]} d6 {[%emt 0:00:02]} 5. d4 {[%emt 0:00:06]} O-O {[%emt 0:00:03]} 6. Nf3 {[%emt 0:00:02]} c5 {[%emt 0:00:07]} 7. O-O {[%emt 0:00:11]} Nc6 {[%emt 0:00:14]} 8. dxc5 {[%emt 0:00:44]} dxc5 {[%emt 0:00:02]} 9. Be3 {[%emt 0:00:03]} Qa5 {[%emt 0:00:38]} 10. Qa4 {[%emt 0:00:13]} Nd7 {[%emt 0:00:14]} 11. Qxa5 {[%emt 0:00:22]} Nxa5 {[%emt 0:00:01]} 12. Nd2 {[%emt 0:00:02]} Rb8 {[%emt 0:00:14]} 13. Rac1 {[%emt 0:00:05]} b6 {[%emt 0:00:10]} 14. b3 {[%emt 0:00:01]} Bb7 {[%emt 0:00:10]} 15. Rfd1 {[%emt 0:00:13]} Bxg2 16. Kxg2 {[%emt 0:00:01]} Nc6 {[%emt 0:00:17]} 17. Nf3 {[%emt 0:00:09]} Rfd8 {[%emt 0:00:05]} 18. Nd5 {[%emt 0:00:05]} e6 {[%emt 0:00:03]} 19. Nc3 {[%emt 0:00:06]} Nde5 {[%emt 0:00:08]} 20. Bf4 {[%emt 0:00:28]} Rbc8 {[%emt 0:00:05]} 21. Nxe5 {[%emt 0:00:06]} Nxe5 {[%emt 0:00:01]} 22. Nb5 {[%emt 0:00:09]} Nc6 {[%emt 0:00:10]} 23. Nd6 {[%emt 0:00:06]} Ra8 {[%emt 0:00:06]} 24. Bg5 {[%emt 0:00:08]} Rd7 {[%emt 0:00:03]} 25. Ne4 {[%emt 0:00:04]} Rxd1 {[%emt 0:00:14]} 26. Rxd1 {[%emt 0:00:00]} h6 {[%emt 0:00:10]} 27. Bf6 {[%emt 0:00:08]} Bxf6 {[%emt 0:00:05]} 28. Nxf6+ {[%emt 0:00:01]} Kg7 {[%emt 0:00:01]} 29. Ne4 {[%emt 0:00:01]} Rd8 {[%emt 0:00:02]} 30. Rxd8 {[%emt 0:00:02]} Nxd8 {[%emt 0:00:01]} 31. e3 {[%emt 0:00:07]} Nc6 {[%emt 0:00:04]} 32. Kf3 {[%emt 0:00:02]} f5 {[%emt 0:00:01]} 33. Nc3 {[%emt 0:00:04]} Kf6 {[%emt 0:00:02]} 34. Ke2 {[%emt 0:00:03]} Ke7 {[%emt 0:00:04]} 35. h4 {[%emt 0:00:06]} Nb4 {[%emt 0:00:05]} 36. a3 {[%emt 0:00:03]} Nc6 {[%emt 0:00:01]} 37. Kd3 {[%emt 0:00:02]} Na5 {[%emt 0:00:02]} 38. b4 {[%emt 0:00:01]} cxb4 {[%emt 0:00:01]} 39. axb4 {[%emt 0:00:00]} Nc6 {[%emt 0:00:01]} 40. Na2 {[%emt 0:00:07]} Ne5+ {[%emt 0:00:02]} 41. Kd4 {[%emt 0:00:02]} Ng4 {[%emt 0:00:01]} 42. f3 {[%emt 0:00:01]} Nh2 {[%emt 0:00:02]} 43. f4 {[%emt 0:00:01]} Nf1 {[%emt 0:00:01]} 44. b5 {[%emt 0:00:04]} Nxg3 {[%emt 0:00:02]} 45. Nb4 {[%emt 0:00:01]} Kd6 {[%emt 0:00:02]} 46. Nc6 {[%emt 0:00:03]} a5 {[%emt 0:00:00]} 47. Ne5 {[%emt 0:00:02]} g5 {[%emt 0:00:04]} 48. hxg5 {[%emt 0:00:02]} hxg5 {[%emt 0:00:01]} 49. fxg5 {[%emt 0:00:01]} Ne2+ {[%emt 0:00:00]} 50. Kd3 {[%emt 0:00:01]} Nc1+ {[%emt 0:00:03]} 51. Kd4 {[%emt 0:00:04]} Nb3+ {[%emt 0:00:02]} 52. Kc3 {[%emt 0:00:00]} Kxe5 {[%emt 0:00:04]} 53. Kxb3 {[%emt 0:00:01]} Kd6 {[%emt 0:00:04]} 54. g6 {[%emt 0:00:01]} Ke7 {[%emt 0:00:01]} 55. c5 {[%emt 0:00:00]} bxc5 {[%emt 0:00:11]} 56. b6 {[%emt 0:00:01]} e5 {[%emt 0:00:06]} 57. b7 {[%emt 0:00:01]} f4 {[%emt 0:00:02]} 58. exf4 {[%emt 0:00:02]} exf4 {[%emt 0:00:00]} 59. b8=Q {[%emt 0:00:02]} 1-0

[Event "EWIBCC 2019"]
[Site "Monte-Carlo"]
[Date "2019.11.29"]
[Round "7.1"]
[White "Gaponenko, Inna"]
[Black "Muzychuk, Anna"]
[Result "1/2-1/2"]
[WhiteElo "2427"]
[BlackElo "2543"]
[Annotator "TA"]
[PlyCount "48"]
[EventDate "2019.11.29"]
[EventType "swiss"]
[EventCountry "MNC"]
[SourceTitle "playchess.com"]
[Source "ChessBase"]
[SourceQuality "1"]

{[%evp 28,40,19,2,8,8,7,8,8,6,7,14,21,0,13]} 1. e4 c5 2. Nf3 Nc6 3. d4 cxd4 4. Nxd4 Nf6 5. Nc3 e5 6. Ndb5 d6 7. Bg5 a6 8. Na3 b5 9. Nd5 Be7 10. Bxf6 Bxf6 11. c3 Bg5 12. Nc2 Rb8 13. a4 bxa4 14. Ncb4 Nxb4 15. Nxb4 {[#] aiming for Nc6.The position is equal.} Bd7 $1 {White must now prevent ...a5. B33: Sicilian: Pelikan and Sveshnikov Variations} 16. Bxa6 Qa5 17. Qxd6 Rb6 18. Qd3 $1 {Black should prevent 0-0.} Be7 19. Nd5 {Hoping for b4.} Rxb2 ({Not} 19... Rxa6 $2 {[#]} 20. Qxa6 $1 {[%mdl 512]} Qxa6 21. Nc7+ {[%mdl 64] Double Attack} Kf8 22. Nxa6 $18) 20. O-O ({Much weaker is} 20. Nxe7 Kxe7 21. Bc4 (21. O-O-O Rhb8 $17) 21... Qc5 $17) 20... Qc5 {[#]} {Predecessor:} 21. c4 $146 Rb3 22. Qe2 Bd6 23. Bb5 Bxb5 24. cxb5 Qxb5 {½-½ (34) Dominguez Perez,L (2734)-Grischuk,A (2780) Khanty-Mansiysk 2015} 1/2-1/2

[Event "EWIBCC 2019"]
[Site "Monte-Carlo"]
[Date "2019.11.29"]
[Round "7.2"]
[White "Stefanova, Antoaneta"]
[Black "Buksa, Nataliya"]
[Result "1-0"]
[WhiteElo "2481"]
[BlackElo "2410"]
[Annotator "RC"]
[PlyCount "125"]
[EventDate "2019.11.29"]
[EventType "swiss"]
[EventCountry "MNC"]
[SourceTitle "playchess.com"]
[Source "ChessBase"]
[SourceQuality "1"]
[TimeControl "180+2"]

1. d4 {[%emt 0:00:00]} d5 {[%emt 0:00:00]} 2. Nf3 {[%emt 0:00:01]} Nf6 {[%emt 0:00:00]} 3. Bf4 {[%emt 0:00:05]} e6 {[%emt 0:00:01]} 4. e3 {[%emt 0:00:01]} Bd6 {[%emt 0:00:01]} 5. Bg3 {[%emt 0:00:02]} O-O {[%emt 0:00:01]} 6. Nbd2 {[%emt 0:00:01]} c5 {[%emt 0:00:01]} 7. c3 {[%emt 0:00:01]} Qc7 {[%emt 0:00:01]} 8. Ne5 {[%emt 0:00:11]} Nbd7 {[%emt 0:00:08]} 9. f4 {[%emt 0:00:04]} Ne4 {[%emt 0:00:01]} 10. Nxe4 {[%emt 0:00:04]} dxe4 {[%emt 0:00:01]} 11. Nc4 {[%emt 0:00:11]} Nf6 {[%emt 0:00:35]} 12. Nxd6 {[%emt 0:00:11]} Qxd6 {[%emt 0:00:01]} 13. Be2 {[%emt 0:00:30]} Nd5 {[%emt 0:00:32]} 14. Qd2 {[%emt 0:00:20]} cxd4 {[%emt 0:00:18]} 15. Qxd4 {[%emt 0:00:07]} Qb6 {[%emt 0:00:03]} 16. Qxb6 {[%emt 0:00:07]} axb6 {[%emt 0:00:15]} 17. Kf2 {[%emt 0:00:10]} Bd7 {[%emt 0:00:01]} 18. Rhd1 {[%emt 0:00:02]} Bc6 {[%emt 0:00:02]} 19. c4 {[%emt 0:00:10]} Ne7 {[%emt 0:00:11]} 20. Kg1 {[%emt 0:00:14]} Rfd8 {[%emt 0:00:04]} 21. Be1 {[%emt 0:00:13]} Nf5 {[%emt 0:00:06]} 22. Kf2 {[%emt 0:00:01]} Rxd1 {[%emt 0:00:33]} 23. Rxd1 {[%emt 0:00:03]} Kf8 {[%emt 0:00:01]} 24. a3 {[%emt 0:00:02]} Ke8 {[%emt 0:00:01]} 25. g4 {[%emt 0:00:03]} Ne7 {[%emt 0:00:01]} 26. Bc3 {[%emt 0:00:03]} f6 {[%emt 0:00:03]} 27. Bd4 {[%emt 0:00:05]} Ba4 {[%emt 0:00:07]} 28. Rc1 {[%emt 0:00:02]} Nc8 {[%emt 0:00:06]} 29. h4 {[%emt 0:00:03]} Bd7 {[%emt 0:00:14]} 30. g5 {[%emt 0:00:02]} Ke7 {[%emt 0:00:06]} 31. gxf6+ {[%emt 0:00:02]} gxf6 {[%emt 0:00:01]} 32. Rg1 {[%emt 0:00:02]} e5 {[%emt 0:00:17]} 33. fxe5 {[%emt 0:00:03]} fxe5 {[%emt 0:00:01]} 34. Bxe5 {[%emt 0:00:05]} Ra5 {[%emt 0:00:01]} 35. Rg7+ {[%emt 0:00:05]} Ke6 {[%emt 0:00:04]} 36. Bc3 {[%emt 0:00:04]} Rf5+ {[%emt 0:00:01]} 37. Ke1 {[%emt 0:00:01]} h5 {[%emt 0:00:09]} 38. Rh7 {[%emt 0:00:02]} Nd6 {[%emt 0:00:01]} 39. Bxh5 {[%emt 0:00:04]} Rc5 {[%emt 0:00:03]} 40. Bg4+ {[%emt 0:00:05]} Nf5 {[%emt 0:00:01]} 41. Bd4 {[%emt 0:00:07]} Ra5 {[%emt 0:00:02]} 42. b4 {[%emt 0:00:03]} Rxa3 {[%emt 0:00:02]} 43. Bxf5+ {[%emt 0:00:02]} Kxf5 {[%emt 0:00:00]} 44. Rxd7 {[%emt 0:00:01]} Kg4 {[%emt 0:00:03]} 45. Rf7 {[%emt 0:00:02]} Rb3 {[%emt 0:00:01]} 46. Rf4+ {[%emt 0:00:04]} Kg3 {[%emt 0:00:00]} 47. Rxe4 {[%emt 0:00:01]} Rxb4 {[%emt 0:00:03]} 48. h5 {[%emt 0:00:03]} b5 {[%emt 0:00:02]} 49. cxb5 {[%emt 0:00:03]} Rxb5 {[%emt 0:00:01]} 50. h6 {[%emt 0:00:02]} Rh5 {[%emt 0:00:01]} 51. Bg7 {[%emt 0:00:02]} Kf3 {[%emt 0:00:01]} 52. Re7 {[%emt 0:00:02]} b5 {[%emt 0:00:02]} 53. Kd2 {[%emt 0:00:01]} b4 {[%emt 0:00:03]} 54. Rb7 {[%emt 0:00:01]} Rh4 {[%emt 0:00:01]} 55. Kd3 {[%emt 0:00:02]} Kf2 {[%emt 0:00:04]} 56. Bf8 {[%emt 0:00:05]} Kf3 {[%emt 0:00:02]} 57. Rxb4 {[%emt 0:00:03]} Rh1 {[%emt 0:00:01]} 58. Rf4+ {[%emt 0:00:03]} Kg3 {[%emt 0:00:01]} 59. Rf7 {[%emt 0:00:03]} Kg4 {[%emt 0:00:02]} 60. Ke4 {[%emt 0:00:02]} Kg5 {[%emt 0:00:01]} 61. Ke5 {[%emt 0:00:02]} Kg6 {[%emt 0:00:01]} 62. Rg7+ {[%emt 0:00:02]} Kh5 {[%emt 0:00:09]} 63. h7 {[%emt 0:00:03]} 1-0

[Event "EWIBCC 2019"]
[Site "Monte-Carlo"]
[Date "2019.11.29"]
[Round "7.4"]
[White "Kosteniuk, Alexandra"]
[Black "Bodnaruk, Anastasia"]
[Result "1-0"]
[WhiteElo "2483"]
[BlackElo "2412"]
[Annotator "RC"]
[PlyCount "87"]
[EventDate "2019.11.29"]
[EventType "swiss"]
[EventCountry "MNC"]
[SourceTitle "playchess.com"]
[Source "ChessBase"]
[SourceQuality "1"]
[TimeControl "180+2"]

1. e4 {[%emt 0:00:00]} c5 {[%emt 0:00:00]} 2. c3 {[%emt 0:00:00]} Nf6 {[%emt 0:00:03]} 3. e5 {[%emt 0:00:01]} Nd5 {[%emt 0:00:01]} 4. Nf3 {[%emt 0:00:01]} Nc6 {[%emt 0:00:03]} 5. Bc4 {[%emt 0:00:01]} Nb6 {[%emt 0:00:03]} 6. Bb3 {[%emt 0:00:01]} c4 {[%emt 0:00:02]} 7. Bc2 {[%emt 0:00:00]} d6 {[%emt 0:00:04]} 8. exd6 {[%emt 0:00:02]} Qxd6 {[%emt 0:00:01]} 9. O-O {[%emt 0:00:02]} Bg4 {[%emt 0:00:11]} 10. Qe2 {[%emt 0:00:01]} O-O-O {[%emt 0:00:23]} 11. Na3 {[%emt 0:00:01]} e5 {[%emt 0:00:28]} 12. Nxc4 {[%emt 0:00:10]} Nxc4 13. Qxc4 {[%emt 0:00:01]} Bxf3 {[%emt 0:00:18]} 14. gxf3 {[%emt 0:00:01]} Kb8 {[%emt 0:00:01]} 15. b4 {[%emt 0:00:08]} Be7 {[%emt 0:00:28]} 16. b5 {[%emt 0:00:09]} Na5 {[%emt 0:00:05]} 17. Qe4 {[%emt 0:00:14]} f5 {[%emt 0:00:18]} 18. Qe2 {[%emt 0:00:30]} Rhf8 {[%emt 0:00:27]} 19. a4 {[%emt 0:00:09]} Bg5 {[%emt 0:00:22]} 20. Ba3 {[%emt 0:00:09]} Qh6 {[%emt 0:00:09]} 21. Rfd1 {[%emt 0:01:33]} Bf4 {[%emt 0:00:04]} 22. Kf1 {[%emt 0:00:00]} Qxh2 {[%emt 0:00:04]} 23. Ke1 {[%emt 0:00:01]} Rf7 {[%emt 0:00:03]} 24. Bc5 {[%emt 0:00:11]} b6 {[%emt 0:00:04]} 25. Be3 {[%emt 0:00:01]} Nb7 {[%emt 0:00:02]} 26. d4 {[%emt 0:00:09]} Re7 {[%emt 0:00:03]} 27. d5 {[%emt 0:00:01]} Nd6 {[%emt 0:00:02]} 28. a5 {[%emt 0:00:02]} Bxe3 {[%emt 0:00:07]} 29. fxe3 {[%emt 0:00:02]} Qh1+ {[%emt 0:00:00]} 30. Kd2 {[%emt 0:00:01]} Qh6 {[%emt 0:00:00]} 31. axb6 axb6 {[%emt 0:00:00]} 32. Ra4 {[%emt 0:00:07]} Rb7 {[%emt 0:00:00]} 33. Rda1 {[%emt 0:00:01]} Qf6 {[%emt 0:00:03]} 34. Ra8+ {[%emt 0:00:18]} Kc7 35. Rxd8 {[%emt 0:00:00]} Kxd8 {[%emt 0:00:02]} 36. Ra8+ {[%emt 0:00:00]} Kc7 {[%emt 0:00:01]} 37. c4 {[%emt 0:00:00]} e4 {[%emt 0:00:02]} 38. fxe4 {[%emt 0:00:00]} fxe4 {[%emt 0:00:01]} 39. Qh2 {[%emt 0:00:10]} Qb2 {[%emt 0:00:07]} 40. Qf4 {[%emt 0:00:00]} Qb4+ {[%emt 0:00:02]} 41. Kd1 {[%emt 0:00:00]} Qxc4 {[%emt 0:00:02]} 42. Qe5 {[%emt 0:00:00]} Kd7 {[%emt 0:00:03]} 43. Qe6+ {[%emt 0:00:00]} Kc7 {[%emt 0:00:01]} 44. Qe7# {[%emt 0:00:00]} 1-0

[Event "EWIBCC 2019"]
[Site "Monte-Carlo"]
[Date "2019.11.29"]
[Round "7.5"]
[White "Muzychuk, Mariya"]
[Black "Sebag, Marie"]
[Result "0-1"]
[WhiteElo "2552"]
[BlackElo "2443"]
[Annotator "TA"]
[PlyCount "90"]
[EventDate "2019.11.29"]
[EventType "swiss"]
[EventCountry "MNC"]
[SourceTitle "playchess.com"]
[Source "ChessBase"]
[SourceQuality "1"]

{[%evp 17,90,6,8,-21,-25,-10,-6,-24,10,0,7,0,-12,-13,0,0,0,-16,12,-13,-8,-7,-15,-31,-27,-38,-62,-226,-226,-224,-145,-247,-249,-247,-247,-237,-206,-206,-206,-214,-206,-206,-206,-192,-192,-279,-254,-389,-312,-389,-380,-619,-585,-1417,-1158,-1399,-1379,-1398,-1384,-1362,-1337,-1314,-1053,-1730,-1761,-2498,-2407,-1977,-1916,-29972,-29967,-12837,-12833,-12829,-4079]} 1. e4 c5 2. Nf3 d6 3. d4 cxd4 4. Nxd4 Nf6 5. Nc3 a6 6. g3 e5 7. Nde2 Be7 8. Bg2 O-O 9. O-O b5 10. a4 {B91: Sicilian Najdorf: 6 g3} (10. Nd5 Nxd5 11. Qxd5 Ra7 12. Be3 Rb7 13. Qd2 Nd7 14. Nc3 Nf6 15. Bg5 Be6 16. Bxf6 Bxf6 17. Nd5 Bg5 {½-½ (43) Vitiugov,N (2732)-Yu,Y (2763) Khanty-Mansiysk 2019}) 10... b4 11. Nd5 Nxd5 12. Qxd5 {The position is equal.} Ra7 13. Be3 Be6 14. Qd2 Rb7 15. f4 a5 16. b3 $146 ({Predecessor:} 16. f5 Bc4 17. Rfd1 Nd7 {0-1 (47) Juarez,G (2114)-Gerhards,G (2303) ICCF email 2011}) 16... f6 17. Rad1 Qc7 18. Rc1 Qd7 19. Rfd1 Na6 20. Qd3 Nc5 21. Bxc5 dxc5 22. f5 $2 (22. Qxd7 $15 Rxd7 23. Rxd7 Bxd7 24. c4) 22... Qxd3 $19 23. Rxd3 Bf7 24. Rcd1 (24. c4 $17) 24... c4 25. Rd5 cxb3 26. cxb3 Bxd5 27. exd5 {d6 would now be nice for White.} Bd6 28. Be4 Rc8 29. Bd3 {If White can now play Ba6 this consolidates a bit.} Rbc7 30. Kf2 Rc5 31. Bb5 (31. Ke3 $142) 31... Kf7 32. Bc6 (32. Ba6 {keeps fighting.} Rg8 33. Bc4) 32... Ke7 33. Ke3 Rc2 34. Bb5 $2 (34. Rd2 Bc5+ 35. Kd3 Rxd2+ 36. Kxd2) 34... Rb2 35. Bc4 {[#]} Rxc4 $1 {[%mdl 512]} 36. bxc4 {[%mdl 4096] Endgame KRB-KRN} Bc5+ 37. Kd3 {[#]} e4+ $1 {[%mdl 576] Deflection, Decoy} 38. Kxe4 Rxe2+ {[%mdl 64] Double Attack. KRB-KR} 39. Kd3 Re3+ 40. Kd2 Kd6 41. Rf1 b3 {[%cal Bb4b3,Bb3b2][%mdl 32]} 42. Rb1 Bd4 43. Rc1 b2 44. Rb1 Ra3 45. Kc2 Ra1 {Accuracy: White = 26%, Black = 82%.} (45... Rxa4 $142 46. Kd3 Be5) 0-1

[Event "EWIBCC 2019"]
[Site "Monte-Carlo"]
[Date "2019.11.29"]
[Round "7.6"]
[White "Gunina, Valentina"]
[Black "Dzagnidze, Nana"]
[Result "1-0"]
[WhiteElo "2509"]
[BlackElo "2502"]
[Annotator "TA"]
[PlyCount "79"]
[EventDate "2019.11.29"]
[EventType "swiss"]
[EventCountry "MNC"]
[SourceTitle "playchess.com"]
[Source "ChessBase"]
[SourceQuality "1"]

{[%evp 9,79,10,18,12,11,-8,18,10,23,8,50,37,28,35,25,32,42,42,70,72,60,39,57,54,81,61,102,38,35,40,33,29,52,19,39,14,164,164,161,168,191,81,85,81,96,62,41,50,152,154,161,163,353,355,381,372,358,349,257,146,145,139,334,229,223,212,29973,29974,29974,12406,29992,29993]} 1. e4 c5 2. Nf3 a6 3. c4 e6 4. Nc3 Qc7 5. d3 (5. d4 cxd4 6. Nxd4 Nf6 7. Be3 b6 8. Rc1 Bb7 9. f3 Bd6 10. g3 h5 11. Qd2 Be7 12. Be2 d6 13. O-O Nbd7 14. Qe1 O-O 15. Qf2 {½-½ (49) Radjabov,T (2742)-Artemiev,V (2692) Tbilisi 2017}) 5... Nc6 6. Be3 {B40: Sicilian: 2...e6, Unusual lines} Nf6 7. h3 b6 8. Be2 {The position is equal.} Bd6 $146 ({Predecessor:} 8... Bb7 9. Qd2 Be7 10. Bf4 d6 11. Bh2 Nd4 12. Bd1 Nxf3+ 13. Bxf3 {½-½ (26) Miezis,N (2496)-Istratescu,A (2621) Turin 2006}) 9. O-O Bf4 10. Qd2 Bxe3 11. Qxe3 d6 12. d4 cxd4 13. Nxd4 Bb7 14. Rfd1 O-O 15. Rac1 {aiming for Ncb5!} Rac8 16. b3 Rfe8 17. Nxc6 Bxc6 18. Qd4 ({White should play} 18. Nb5 $16 axb5 19. cxb5) 18... Qb7 $14 {[%cal Rc6e4]} 19. f3 Red8 20. a4 a5 21. Rb1 Qc7 22. b4 Rb8 {[#]} (22... axb4 $11 {and Black has nothing to worry.} 23. Rxb4 Rb8) 23. bxa5 $1 $18 bxa5 24. Rxb8 Qxb8 {[#]} 25. Nb5 (25. e5 $1 $18 {[%cal Re5f6][%mdl 512] is the precise move to win.} Ne8 (25... dxe5 26. Qxd8+) 26. c5) 25... d5 $16 26. cxd5 exd5 27. e5 Nd7 28. f4 $36 {[%mdl 2048] White is more active.} Nb6 ({Better is} 28... Qb6 $14) 29. Rb1 Nc4 30. Bd3 (30. Bxc4 dxc4 31. Qf2 h6 $11) 30... Bxb5 $2 (30... Nd2) 31. Rxb5 $18 Qa8 32. f5 Qc6 33. Rc5 Qe8 34. Bxc4 (34. Rxd5 Rxd5 35. Qxd5 Nxe5 $14) (34. e6 $1 $18 fxe6 35. fxe6) 34... dxc4 $16 35. Qxc4 $18 {KQR-KQR} g6 $2 (35... Qd7 $16) 36. e6 ({Not} 36. Rxa5 gxf5 37. Qf4 Ra8 $18) 36... fxe6 37. fxe6 {Strongly threatening e7+.} ({Don't take} 37. Qxe6+ $6 Qxe6 38. fxe6 Ra8 $16) 37... Rd1+ $2 (37... Qe7 $18 38. Re5 (38. Rxa5 Rd1+ 39. Kf2 Qf8+ 40. Kg3 Qd6+ 41. Kf2 Qf8+ 42. Kg3 Qd6+ 43. Kf3 Qf8+ 44. Kg4 Qe7 $18) 38... Rd1+ 39. Kh2 Rd8 40. Rxa5 Qd6+ 41. Kg1 Qd1+ 42. Qf1 Qd4+ 43. Kh1 Rc8) 38. Kh2 Qb8+ 39. Rc7 {White threatens e7+ and mate.} Qe8 {[#]} 40. Qh4 {Played: Rc7-c8} 1-0

[Event "EWIBCC 2019"]
[Site "Monte-Carlo"]
[Date "2019.11.29"]
[Round "7.7"]
[White "Chiburdanidze, Maia"]
[Black "Daulyte-Cornette, Deimante"]
[Result "1/2-1/2"]
[WhiteElo "2500"]
[BlackElo "2405"]
[Annotator "RC"]
[PlyCount "92"]
[EventDate "2019.11.29"]
[EventType "swiss"]
[EventCountry "MNC"]
[SourceTitle "playchess.com"]
[Source "ChessBase"]
[SourceQuality "1"]
[TimeControl "180+2"]

1. d4 {[%emt 0:00:00]} Nf6 {[%emt 0:00:00]} 2. Nf3 {[%emt 0:00:00]} b6 {[%emt 0:00:01]} 3. e3 {[%emt 0:00:02]} Bb7 {[%emt 0:00:02]} 4. Bd3 {[%emt 0:00:01]} e6 {[%emt 0:00:05]} 5. O-O {[%emt 0:00:03]} d5 {[%emt 0:00:02]} 6. b3 {[%emt 0:00:02]} c5 {[%emt 0:00:03]} 7. Bb2 {[%emt 0:00:01]} Bd6 {[%emt 0:00:08]} 8. Nbd2 {[%emt 0:00:02]} Nc6 {[%emt 0:00:07]} 9. a3 {[%emt 0:00:02]} O-O {[%emt 0:00:04]} 10. Ne5 {[%emt 0:00:06]} Rc8 {[%emt 0:00:20]} 11. f4 {[%emt 0:00:12]} Ne7 {[%emt 0:00:11]} 12. Qe2 {[%emt 0:00:16]} Ne4 {[%emt 0:00:17]} 13. Nxe4 {[%emt 0:00:21]} dxe4 {[%emt 0:00:01]} 14. Bc4 {[%emt 0:00:01]} Bd5 {[%emt 0:00:13]} 15. Bxd5 {[%emt 0:00:12]} exd5 {[%emt 0:00:02]} 16. f5 {[%emt 0:00:04]} f6 {[%emt 0:00:06]} 17. Ng4 {[%emt 0:00:01]} cxd4 {[%emt 0:00:19]} 18. Bxd4 {[%emt 0:00:04]} Qc7 {[%emt 0:00:08]} 19. h4 {[%emt 0:00:11]} Qxc2 {[%emt 0:00:06]} 20. Qa6 {[%emt 0:00:23]} Nc6 {[%emt 0:00:32]} 21. Rac1 {[%emt 0:00:34]} Qxb3 {[%emt 0:00:04]} 22. Rc3 {[%emt 0:00:05]} Qa2 {[%emt 0:00:07]} 23. Rf2 {[%emt 0:00:06]} Qb1+ {[%emt 0:00:13]} 24. Rf1 {[%emt 0:00:02]} Qa2 {[%emt 0:00:03]} 25. Rfc1 {[%emt 0:00:18]} Nxd4 {[%emt 0:00:07]} 26. Rxc8 {[%emt 0:00:06]} Ne2+ {[%emt 0:00:02]} 27. Kf1 {[%emt 0:00:01]} Nxc1 {[%emt 0:00:07]} 28. Rxc1 {[%emt 0:00:06]} Qxa3 {[%emt 0:00:06]} 29. Qxa3 {[%emt 0:00:03]} Bxa3 {[%emt 0:00:01]} 30. Ra1 {[%emt 0:00:00]} Bc5 {[%emt 0:00:04]} 31. Rxa7 {[%emt 0:00:01]} h5 {[%emt 0:00:02]} 32. Nf2 {[%emt 0:00:03]} Bxe3 {[%emt 0:00:01]} 33. Rd7 {[%emt 0:00:03]} d4 {[%emt 0:00:09]} 34. Nxe4 {[%emt 0:00:01]} Rc8 {[%emt 0:00:03]} 35. Nd6 {[%emt 0:00:04]} Rc1+ {[%emt 0:00:01]} 36. Ke2 {[%emt 0:00:01]} Rc2+ {[%emt 0:00:01]} 37. Kd3 {[%emt 0:00:05]} Rd2+ {[%emt 0:00:05]} 38. Ke4 {[%emt 0:00:01]} Rxg2 {[%emt 0:00:02]} 39. Rd8+ {[%emt 0:00:10]} Kh7 {[%emt 0:00:01]} 40. Nf7 {[%emt 0:00:00]} g6 {[%emt 0:00:04]} 41. Rd7 {[%emt 0:00:14]} gxf5+ {[%emt 0:00:07]} 42. Kxf5 {[%emt 0:00:01]} Rf2+ {[%emt 0:00:01]} 43. Ke6 {[%emt 0:00:01]} Kg6 {[%emt 0:00:03]} 44. Nh8+ {[%emt 0:00:02]} Kh6 {[%emt 0:00:01]} 45. Nf7+ {[%emt 0:00:02]} Kg6 {[%emt 0:00:02]} 46. Nh8+ {[%emt 0:00:12]} Kh6 {[%emt 0:00:08] Ke5} 1/2-1/2

[Event "EWIBCC 2019"]
[Site "Monte-Carlo"]
[Date "2019.11.29"]
[Round "7.8"]
[White "Paehtz, Elisabeth"]
[Black "Mkrtchian, Lilit"]
[Result "1-0"]
[WhiteElo "2484"]
[BlackElo "2402"]
[Annotator "RC"]
[PlyCount "49"]
[EventDate "2019.11.29"]
[EventType "swiss"]
[EventCountry "MNC"]
[SourceTitle "playchess.com"]
[Source "ChessBase"]
[SourceQuality "1"]
[TimeControl "180+2"]

1. d4 {[%emt 0:00:00]} e6 {[%emt 0:00:01]} 2. Bf4 {[%emt 0:00:03]} f5 {[%emt 0:00:05]} 3. e3 {[%emt 0:00:03]} Nf6 {[%emt 0:00:03]} 4. h3 {[%emt 0:00:08]} b6 {[%emt 0:00:02]} 5. Nd2 {[%emt 0:00:13]} Bb7 {[%emt 0:00:02]} 6. c3 {[%emt 0:00:02]} Be7 {[%emt 0:00:11]} 7. Ngf3 {[%emt 0:00:07]} O-O {[%emt 0:00:07]} 8. Bd3 {[%emt 0:00:04]} d6 {[%emt 0:00:10]} 9. Qc2 {[%emt 0:00:04]} Nbd7 {[%emt 0:00:11]} 10. Rg1 {[%emt 0:00:05]} Qe8 {[%emt 0:00:59]} 11. g4 {[%emt 0:00:06]} fxg4 {[%emt 0:00:51]} 12. Ng5 {[%emt 0:00:11]} g6 {[%emt 0:00:17]} 13. Nxe6 {[%emt 0:00:05]} Nd5 {[%emt 0:00:04]} 14. Nxf8 {[%emt 0:00:17]} Nxf4 {[%emt 0:00:02]} 15. Nxd7 {[%emt 0:00:32]} Nxd3+ {[%emt 0:00:02]} 16. Qxd3 {[%emt 0:00:02]} Qxd7 {[%emt 0:00:01]} 17. Rxg4 {[%emt 0:00:02]} Bf6 {[%emt 0:00:07]} 18. O-O-O {[%emt 0:00:04]} Bg7 {[%emt 0:00:02]} 19. Rdg1 {[%emt 0:00:05]} Rf8 {[%emt 0:00:01]} 20. f4 {[%emt 0:00:03]} Kh8 {[%emt 0:00:03]} 21. h4 {[%emt 0:00:02]} Qa4 {[%emt 0:00:09]} 22. a3 {[%emt 0:00:11]} Qa5 {[%emt 0:00:01]} 23. Rg5 {[%emt 0:00:04]} Ba6 {[%emt 0:00:04]} 24. Qc2 {[%emt 0:00:15]} b5 {[%emt 0:00:04]} 25. h5 {[%emt 0:00:02]} 1-0